000
00282nam a2200121Ia 4500
008
241002s9999 xx 000 0 und d
082
_a
808.3 FAR
100
_a
Farooki Nasir Ahmed
245
0
_a
Snakes and Laddeers
260
_a
Lahore:
_c
1968
600
_a
Literature
942
_c
UC
999
_c
18841
_d
18841